| Tag |
First Indicator |
Second Indicator |
Subfields |
| LEADER |
00000cam a2200000Ii 4500 |
| 001 |
in00004074721 |
| 005 |
20191021080048.0 |
| 006 |
m o d |
| 007 |
cr cnu---unuuu |
| 008 |
190604s2019 enk ob 001 0 eng d |
| 020 |
|
|
|a 9781351045070
|q electronic book
|
| 020 |
|
|
|a 1351045075
|q electronic book
|
| 020 |
|
|
|a 9781351045056
|q electronic book
|
| 020 |
|
|
|a 1351045059
|q electronic book
|
| 020 |
|
|
|a 9781351045063
|q electronic book
|
| 020 |
|
|
|a 1351045067
|q electronic book
|
| 020 |
|
|
|a 9781351045049
|q (electronic bk. : Mobipocket)
|
| 020 |
|
|
|a 1351045040
|q (electronic bk. : Mobipocket)
|
| 020 |
|
|
|z 9781138486607
|
| 020 |
|
|
|z 1138486604
|
| 020 |
|
|
|z 9781138486614
|
| 020 |
|
|
|z 1138486612
|
| 024 |
8 |
|
|a 40029240939
|
| 035 |
|
|
|a (NhCcYBP)ybp16024375
|
| 037 |
|
|
|a 9781351045070
|b Taylor & Francis
|
| 040 |
|
|
|a NhCcYBP
|c NhCcYBP
|d UtOrBLW
|
| 050 |
|
4 |
|a LC196
|b .D43 2019
|
| 072 |
|
7 |
|a PHI
|x 004000
|2 bisacsh
|
| 072 |
|
7 |
|a GPS
|2 bicssc
|
| 082 |
0 |
4 |
|a 121
|2 23
|
| 245 |
0 |
0 |
|a Decolonizing interpretive research :
|b a subaltern methodology for social change /
|c edited by Antonia Darder.
|
| 264 |
|
1 |
|a Abingdon, Oxon ;
|a New York, NY :
|b Routledge,
|c 2019.
|
| 300 |
|
|
|a 1 online resource.
|
| 336 |
|
|
|a text
|b txt
|2 rdacontent
|
| 337 |
|
|
|a computer
|b c
|2 rdamedia
|
| 338 |
|
|
|a online resource
|b cr
|2 rdacarrier
|
| 504 |
|
|
|a Includes bibliographical references and index.
|
| 505 |
0 |
|
|a Decolonizing interpretive research / Antonia Darder -- Centering the subaltern voice / Kortney Hernandez -- Naming the politics of coloniality / Emily Bautista -- Demythologizing hegemonic beliefs / Kenzo Bergeron -- Epistemological disruptions / Bibinaz Pirayesh -- Emancipatory re-readingsterrelle / Billy Sales -- Afterword / João Paraskeva.
|
| 588 |
|
|
|a Description based on online resource; title from digital title page (viewed on June 20, 2019).
|
| 500 |
|
|
|a Electronic resource.
|
| 650 |
|
0 |
|a Critical pedagogy.
|0 http://id.loc.gov/authorities/subjects/sh91004641
|
| 650 |
|
0 |
|a Knowledge, Theory of.
|0 http://id.loc.gov/authorities/subjects/sh85072732
|
| 650 |
|
0 |
|a Education
|x Research.
|0 http://id.loc.gov/authorities/subjects/sh85041016
|
| 650 |
|
0 |
|a Social change.
|0 http://id.loc.gov/authorities/subjects/sh85123918
|
| 655 |
|
7 |
|a Electronic books.
|2 local
|
| 700 |
1 |
|
|a Darder, Antonia,
|e editor.
|0 http://id.loc.gov/authorities/names/n91071476
|
| 710 |
2 |
|
|a Taylor & Francis.
|0 http://id.loc.gov/authorities/names/n84073022
|
| 776 |
1 |
8 |
|i Print version:
|z 1138486612
|z 9781138486614
|
| 856 |
4 |
0 |
|u http://proxy.library.tamu.edu/login?url=https://www.taylorfrancis.com/books/9781351045070
|z Connect to the full text of this electronic book
|t 0
|
| 955 |
|
|
|a YBP purchased approval e-records
|
| 980 |
|
|
|b 155.00
|g 1
|
| 999 |
f |
f |
|s d8bb8a68-53e4-3a15-9c6a-a7d254b32cd8
|i 350e31ad-5288-334c-9270-f54f556a71b9
|t 0
|
| 952 |
f |
f |
|a Texas A&M University
|b College Station
|c Electronic Resources
|d Available Online
|t 0
|e LC196 .D43 2019
|h Library of Congress classification
|
| 998 |
f |
f |
|a LC196 .D43 2019
|t 0
|l Available Online
|